| 000 | 00850cab a2200241 4500 | ||
|---|---|---|---|
| 001 | x88654 | ||
| 008 | 090401t1997 xxu||||| |||| 00| 0 eng d | ||
| 035 | _a(Sirsi) u83047 | ||
| 041 | _aeng | ||
| 100 | _aWhite, M. | ||
| 245 | _aBenchmarking property company performance | ||
| 260 | _c1997 | ||
| 350 | _a0 | ||
| 490 |
_aProperty Finance & Development _v9(12) December 1997, 4-5(2) |
||
| 520 | _aLooks at "Property Company Benchmarking" by KPMG and Barber White. This analysis provides the necessary information for investors and corporate executives to rank an individual company`s performance against the market. Tables. | ||
| 650 | _aBENCHMARKING | ||
| 650 | _aCORPORATE PERFORMANCE | ||
| 650 | _aPROPERTY COMPANIES | ||
| 650 | _aRANKING | ||
| 690 | _aPROPERTY-PROPERTY FINANCE AND INVESTMENT | ||
| 942 | _n0 | ||
| 948 | _c12/01/1998 | ||
| 999 |
_c52465 _d52465 |
||